000 00267nam a2200133Ia 4500
100 _aOsborn
942 _cBK
654 _aMagnetism
245 _aMagnetism & Magnetic Materials
260 _bMcGraw Hill
_c2001
082 _a538
546 _aENGLISH
999 _c19313
_d19313